MARC

LEADER 00000nam0a2200000 4500
001 30032
005 20231030203734.0
010 |a 8278250359 
035 |a (RuTPU)RU\TPU\book\30299 
035 |a BOOK00030375 
090 |a 30032 
100 |a 20011209d2001 km y0rusy50 ca 
101 0 |a rus 
102 |a RU 
105 |a a z 001zy 
200 1 |a Теория и практика газоразрядной фотографии  |f М. А. Шустов, Е. Т. Протасевич  |g Томский политехнический университет 
210 |a Томск  |c Изд-во ТПУ  |d 2001 
215 |a 252 с.  |c ил. 
320 |a Библиогр.: с. 239-250. 
610 1 |a физика 
610 1 |a газовые разряды 
610 1 |a газоразрядная фотография 
610 1 |a теория 
610 1 |a практика 
610 1 |a высокое напряжение 
610 1 |a ячейки 
610 1 |a электроды 
610 1 |a материалы 
610 1 |a генераторы 
610 1 |a преобразователи 
610 1 |a схемотехника 
610 1 |a труды учёных ТПУ 
675 |a 533.9  |v 3 
675 |a 537.523  |v 3 
700 1 |a Шустов  |b М. А.  |c специалист в области электротехники  |c профессор Томского политехнического университета, доктор технических наук  |f 1952-  |g Михаил Анатольевич  |2 stltpush  |3 (RuTPU)RU\TPU\pers\30571 
701 1 |a Протасевич  |b Е. Т.  |c российский физик, эколог  |c профессор Томского политехнического университета  |f 1943-2004  |g Евгений Трофимович  |2 stltpush  |3 (RuTPU)RU\TPU\pers\11954  |4 070 
712 0 2 |a Томский политехнический университет  |2 stltpush  |3 (RuTPU)RU\TPU\col\376 
801 0 |a RU  |b 63413507  |c 20011209  |g PSBO 
801 2 |a RU  |b 63413507  |c 20200828  |g PSBO 
942 |c BK